Cách tân nghệ thuật trong thơ Lê Đạt

Lê Đạt – hành trình sáng tạo và những đổi mới trong quan niệm nghệ thuật. Cách tân nghệ thuật trong thơ Lê Đạt nhìn từ cái tôi trữ tình và biểu tượng nghệ thuật. Thơ Lê Đạt – cuộc trình diễn lạ mắt của ngôn ngữ và thể loại....

সম্পূর্ণ বিবরণ

সংরক্ষণ করুন:
গ্রন্থ-পঞ্জীর বিবরন
প্রধান লেখক: Bùi Phương Uyên
অন্যান্য লেখক: Ngô Minh Hiền TS. (Hướng dẫn)
বিন্যাস: গ্রন্থ
ভাষা:Vietnamese
প্রকাশিত: Đà Nẵng Đại học Đà Nẵng 2014
বিষয়গুলি:
ট্যাগগুলো: ট্যাগ যুক্ত করুন
কোনো ট্যাগ নেই, প্রথমজন হিসাবে ট্যাগ করুন!
Thư viện lưu trữ: Mạng thư viện Đại học Đà Nẵng
LEADER 01703nam a2200361 4500
001 000020027
003 16468
005 20150310110341.0
008 141225s2014 viesd
041 |a vie 
082 1 4 |a 895.922134  |b BU-U 
100 1 |a Bùi Phương Uyên 
245 1 |a Cách tân nghệ thuật trong thơ Lê Đạt  |c Bùi Phương Uyên ; Ngô Minh Hiền hướng dẫn.  |k Luận văn Thạc sĩ 
260 |a Đà Nẵng  |b Đại học Đà Nẵng  |c 2014 
300 |a 104 tr., phụ lục 3 tr.  |c 29 cm.  |e Tóm tắt 
500 |a Luận văn thạc sĩ Khoa học. Chuyên ngành: Văn học Việt Nam. Mã số: 60.22.34 
520 |a Lê Đạt – hành trình sáng tạo và những đổi mới trong quan niệm nghệ thuật. Cách tân nghệ thuật trong thơ Lê Đạt nhìn từ cái tôi trữ tình và biểu tượng nghệ thuật. Thơ Lê Đạt – cuộc trình diễn lạ mắt của ngôn ngữ và thể loại. 
600 1 4 |a Lê Đạt  |d 1929-2008 
650 0 4 |a Thơ Việt Nam  |v Luận văn tốt nghiệp  |x Nghiên cứu 
653 |a Lê Đạt 
653 |a Văn học Việt Nam 
653 |a Thơ Việt Nam 
700 1 |a Ngô Minh Hiền  |c TS.  |e Hướng dẫn 
OWN |a LSP 
AVA |a UDN50  |b LSP  |d 895.922134 BU-U  |e available  |t Error 5001 Not defined in file expand_doc_bib_avail.  |f 1  |g 0  |h N  |i 0  |k 1 
999 |a From the UDN01 
AVA |a UDN50  |b LSP  |d 895.922134 BU-U  |e available  |t Error 5001 Not defined in file expand_doc_bib_avail.  |f 1  |g 0  |h N  |i 0  |k 1 
TYP |a Monograph 
TYP |a Printed language 
980 |a Mạng thư viện Đại học Đà Nẵng